| 000 | 01101nam a22002537a 4500 | ||
|---|---|---|---|
| 003 | urs | ||
| 005 | 20240416181519.0 | ||
| 008 | 231220b |||||||| |||| 00| 0 eng d | ||
| 100 |
_aEncinas, Mark Angelo M. _eauthor |
||
| 245 |
_aDo social media platforms affect the financial status of registered online business? an evidence from self-employed sellers in Angono, Rizal _cMark Angelo M. Encinas, Anne-Grace T. Gapas, Khryzia Abigail D. Intalan |
||
| 260 | _c2023 | ||
| 300 |
_axvi, 172 leaves _c28 cm |
||
| 336 |
_2rdacontent _atext |
||
| 337 |
_2rdamedia _aunmediated |
||
| 338 |
_2rdacarrier _avolume |
||
| 500 | _aUndergraduate Thesis | ||
| 502 |
_bBachelor of Science in Business Administration major in Financial Management _cUniversity of Rizal System Binangonan _d2023 |
||
| 504 | _aIncludes bibliographical references. | ||
| 700 |
_aGapas, Anne-Grace T. _eauthor |
||
| 700 |
_aIntalan, Khryzia Abigail D. _eauthor |
||
| 700 |
_aAbelardo B. CeƱidoza, MAT _eadviser _91594 |
||
| 856 |
_3Online Request for Student Unpublished Works _uhttps://forms.gle/7LqvGGkaDrUQqz429 |
||
| 942 |
_2lcc _cT |
||
| 999 |
_c73879 _d73878 |
||